E-vzdelávanie

Predpoklady využívania on-line vzdelávania na Slovensku.

Salvato in:
Dettagli Bibliografici
Autore principale: Hrašková, Dagmar
Natura: Capitolo di libro
Lingua:slovacco
Soggetti:
Tags: Aggiungi Tag
Nessun Tag, puoi essere il primo ad aggiungerne!!

MARC

LEADER 00000naa a2200000 4500
001 0219444
005 20231120131215.4
041 0 |a slo 
044 |a SK 
245 1 0 |a E-vzdelávanie  |c Dagmar Hrašková 
520 |a Predpoklady využívania on-line vzdelávania na Slovensku. 
610 2 0 |a vzdelávanie elektronické 
610 2 0 |a Slovensko 
610 2 0 |a technológie informačné 
610 2 0 |a technológie komunikačné 
610 2 0 |a komunikácia elektronická 
100 1 |a Hrašková, Dagmar